1214 1990 1862 1265 1317 1297 1367 1679 1349 1299 1856 1165 1286 1668 1390 1267 1685 1424 1585 1072 1568 1287 1259 1343 1320 1280 1894 1616 1475 1138 1851 1471 1663 1082 1584 1150 1523 1087 1404 1391 1072 1900 1116 1145 1800 1458 1690 1186 1823 1600 1423 1560 1187 1728 1077 1316 1791 1115 1732 1499 1545 1181 1885 1587 1635 1115 1936 1003 1321 1715 1852 1549 1246 1549 1926 1508 1004 1705 1055 1598 1478 1749 1387 1537 1484 1107 1282 1978 1319 1506 1575 1716 1703 1469 1712 1450 1779 1604 1952 BCNSPRNW ULIB Ver.6.0+V

เปลี่ยนเป็นภาษาไทย

Change to English
 แสดงรายละเอียดบรรณานุกรม
  กลับหน้าหลัก

Brief Record : Get Marc (ISO 2709) : E-mail record : QR code < ปิดหน้าต่าง
LEADER : 00000nam 2200000uu 4500
001    13399114429
003     ULIB
008    110627s||||||||th 000 0 tha d
020    9747053918
098    นว.^bม162ต
100 0  มนันยา
245 00 ตายแล้วยังหัวเราะ/^cมนันยา
250    พิมพ์ครั้งที่ 2
260    กรุงเทพฯ :^bสามสี,^c2540
300    252 หน้า
710 1  สามสี
945    ^p90^l0^i031539
995    ทศพร
999 ^a ใช้งานได้ทุกระบบ
รายการนี้ยังไม่มีแท็ก
คุณยังไม่ได้ล็อกอิน คุณสามารถมีกิจกรรมร่วมกับเว็บไซต์ได้ แต่ต้องล็อกอินก่อน ::
  ล็อกอิน

รายการสื่อสารสนเทศ

ลำดับที่ ประเภท เลขเรียก/บาร์โค้ด สถานที่ สถานะ
1. นวนิยาย
นวนิยาย
 ฉ.1 
  Barcode: 031539
ห้องสมุดวิทยาเขตสวรรค์ประชารักษ์
►นวนิยาย
บนชั้น
  ขอยืม

รายการใกล้เคียง
    ผู้แต่ง [มนันยา]

BibComment


ยังไม่เคยถูกคอมเมนท์

คอมเมนท์ทรัพยากรรายการนี้
  คอมเมนท์: ตายแล้วยังหัวเราะ..


 Copyright 2026. Bcnsprnw @Library